000
00297nam a22001217a 4500
008
180518b xxu||||| |||| 00| 0 eng d
041
_a
eng
080
_a
043.3
100
_a
0
101
_a
SHKI-BTH
245
_a
Menaxhimi dhe zhvillimi i projekteve në sistemet ECM
_c
Jakupi,R
942
_2
udc
_c
BK
999
_c
45976
_d
45976